| 000 | 00726nam a2200217 i 4500 | ||
|---|---|---|---|
| 001 | 124447 | ||
| 003 | ES-MaACL | ||
| 005 | 20250829091008.0 | ||
| 007 | t| | ||
| 008 | 070327s1926 sp abf |||| | spa d | ||
| 100 | 1 |
_aKretschmer, Konrad. _968819 |
|
| 245 | 1 | 0 |
_aHistoria de la geografía / _cKonrad Kretschmer ; traducida de la 2ª edición alemana por L. Martín Echeverría. |
| 260 |
_aBarcelona : _bLabor, _c1926. |
||
| 300 |
_a159 p., 7 lám., 2 mapas col. : _bil. ; _c17 cm. |
||
| 490 | 1 |
_aColección Labor ; _v56 |
|
| 650 | 7 |
_aGeografía- _vHistoria _2 _9171842 |
|
| 700 | 1 |
_aMartín Echeverría, Leonardo. _977479 |
|
| 830 | 0 | 0 |
_aColección Labor _v56 _9184254 |
| 852 |
_aES-MaACL _jE-2600 |
||
| 999 |
_c124447 _d124447 |
||